Két memorandum
Elmentve itt :
| Dokumentumtípus: | Cikk |
|---|---|
| Megjelent: |
1939
|
| Sorozat: | Nevelésügyi szemle
3 No. 5 |
| Kulcsszavak: | Pedagógia - Magyarország - 20. sz., Nevelésügy - Magyarország - 20. sz., Oktatásügy - Magyarország - 20. sz. |
| Online Access: | http://acta.bibl.u-szeged.hu/53162 |
| LEADER | 00598nab a2200157 i 4500 | ||
|---|---|---|---|
| 001 | acta53162 | ||
| 005 | 20260224081030.0 | ||
| 008 | 180405s1939 hu o 000 hun d | ||
| 040 | |a SZTE Egyetemi Kiadványok Repozitórium |b hun | ||
| 041 | |a hun | ||
| 245 | 0 | 0 | |a Két memorandum |h [elektronikus dokumentum] |
| 260 | |c 1939 | ||
| 300 | |a 237-239 | ||
| 490 | 0 | |a Nevelésügyi szemle |v 3 No. 5 | |
| 695 | |a Pedagógia - Magyarország - 20. sz., Nevelésügy - Magyarország - 20. sz., Oktatásügy - Magyarország - 20. sz. | ||
| 856 | 4 | 0 | |u http://acta.bibl.u-szeged.hu/53162/1/nev_szem_003_005_237-239.pdf |z Dokumentum-elérés |